| Tag |
First Indicator |
Second Indicator |
Subfields |
| LEADER |
00000cam a2200000Ia 4500 |
| 001 |
in00001850021 |
| 005 |
20220105140730.0 |
| 006 |
m d |
| 007 |
cr cn- |
| 008 |
030224s2001 utu sb s001 0 eng d |
| 020 |
|
|
|a 0874214580 (electronic bk.)
|
| 035 |
|
|
|a (OCoLC)ocm51733417
|
| 040 |
|
|
|a N$T
|c N$T
|d UtOrBLW
|
| 049 |
|
|
|a IICC
|
| 050 |
1 |
4 |
|a LB2369
|b .D38 2001eb
|
| 082 |
0 |
4 |
|a 808/.02
|2 21
|
| 100 |
1 |
|
|a Day, Kami,
|d 1950-
|0 http://id.loc.gov/authorities/names/n2001083830
|
| 245 |
1 |
0 |
|a (First person)2 :
|b a study of co-authoring in the academy /
|c Kami Day, Michele Eodice.
|
| 246 |
3 |
|
|a (First person)two
|
| 264 |
|
1 |
|a Logan :
|b Utah State University Press,
|c [2001]
|
| 264 |
|
4 |
|c ©2001
|
| 300 |
|
|
|a viii, 204 pages ;
|c 23 cm.
|
| 336 |
|
|
|a text
|b txt
|2 rdacontent
|
| 337 |
|
|
|a computer
|b c
|2 rdamedia
|
| 338 |
|
|
|a online resource
|b cr
|2 rdacarrier
|
| 504 |
|
|
|a Includes bibliographical references (pages [190]-200) and index.
|
| 505 |
0 |
|
|a How we came to write this book -- Why study academic co-authors? -- Why call successful co-authoring feminine? -- Completion of caring : successful co-authoring as relationship -- What they do : how the co-authors view their collaborative writing process -- Co-authored scholarship and academia -- Learning to care.
|
| 533 |
|
|
|a Electronic reproduction.
|b Boulder, Colo. :
|c NetLibrary,
|d 2003.
|n Available via World Wide Web.
|n Access may be limited to NetLibrary affiliated libraries.
|
| 500 |
|
|
|a Electronic resource.
|
| 650 |
|
0 |
|a Academic writing.
|0 http://id.loc.gov/authorities/subjects/sh93009381
|
| 650 |
|
0 |
|a Authorship
|x Collaboration.
|0 http://id.loc.gov/authorities/subjects/sh85010032
|
| 650 |
|
0 |
|a Group work in education.
|0 http://id.loc.gov/authorities/subjects/sh85057503
|
| 655 |
|
7 |
|a Electronic books.
|2 local
|
| 700 |
1 |
|
|a Eodice, Michele,
|d 1957-
|0 http://id.loc.gov/authorities/names/n2001083835
|
| 710 |
2 |
|
|a NetLibrary, Inc.
|0 http://id.loc.gov/authorities/names/no99080690
|
| 776 |
1 |
|
|c Original
|z 0874214483
|w (DLC) 2001003523
|w (OCoLC)47136418
|
| 856 |
4 |
1 |
|u https://proxy.library.tamu.edu/login?url=http://www.netLibrary.com/urlapi.asp?action=summary&v=1&bookid=63495
|z Connect to the full text of this electronic book
|t 0
|
| 994 |
|
|
|a 92
|b IIC
|
| 999 |
|
|
|a MARS
|
| 999 |
f |
f |
|s aacd450a-3388-3d73-b393-d688b29fe5d5
|i 37e05e74-3969-3306-83bc-b2c5ee61efe7
|t 0
|
| 952 |
f |
f |
|a Texas A&M University
|b College Station
|c Electronic Resources
|d Available Online
|t 0
|e LB2369 .D38 2001eb
|h Library of Congress classification
|
| 998 |
f |
f |
|a LB2369 .D38 2001eb
|t 0
|l Available Online
|